Rotaciones y secuencias de cultivos en la region mexta cerealera del centro-sur bonaerense: 30 años de experiencias.
Guardado en:
| Autor Principal: | |
|---|---|
| Formato: | Libro |
| Publicado: |
Barrow :
Ediciones Inta,
2012.
|
| Materias: | |
| Etiquetas: |
Agregar Etiqueta
Sin Etiquetas, Sea el primero en etiquetar este registro!
|
| LEADER | 01098nam a22002535a 4500 | ||
|---|---|---|---|
| 001 | CEM.cems018743 | ||
| 005 | 20190711090949.0 | ||
| 008 | 130507s2012##################000#0#####d | ||
| 003 | CEMS | ||
| 020 | |a 9789876791700 | ||
| 082 | 0 | 4 | |a 631.5 |
| 100 | 1 | |a Forjan, Horacio | |
| 245 | 1 | 0 | |a Rotaciones y secuencias de cultivos en la region mexta cerealera del centro-sur bonaerense: 30 años de experiencias. |
| 260 | |a Barrow : |b Ediciones Inta, |c 2012. | ||
| 300 | |a 102p. ; 20cm. | ||
| 505 | 0 | |a Fisico Quimica / Suelo / Sostenibilidad / Rotacion de Cultivos | |
| 600 | 1 | 4 | |a Forjan, Horacio J. |
| 653 | |a Fisico quimica -- suelo -- sostenibilidad -- rotacion de cultivos -- | ||
| 859 | |a CEMS |b BIB. CEMS - Agricultura |h 631.5 |i F228 |p A3270.19 |t Ej.1 | ||
| 859 | |a CEMS |b BIB. CEMS - Agricultura |h 631.5 |i F228 |p A3271.19 |t Ej.2 | ||
| 859 | |a CEMS |b BIB. CEMS - Agricultura |h 631.5 |i F228 |p A3272.19 |t Ej.3 | ||
| 859 | |a CEMS |b BIB. CEMS - Agricultura |h 631.5 |i F228 |p A3273.19 |t Ej.4 | ||
| 859 | |a CEMS |b BIB. CEMS - Agricultura |h 631.5 |i F228 |p A3274.19 |t Ej.5 | ||
| 859 | |a CEMS |b BIB. CEMS - Agricultura |h 631.5 |i F228 |p A3275.19 |t Ej.6 | ||
